Neotomizmus filozofia súčasnej reakčnej buržoázie

Bibliographic Details
Main Author: Ojzerman, Teodor Iľjič, 1914 - (Author)
Other Authors: Dornič, Stanislav, 1929-1989 (Translator)
Format: Book
Language:Slovak
Russian
PhysicalDescription:91, [3] s. 8°
Published: Bratislava Osveta 1960
Series:Malá knižnica filozofie
Subjects:

MARC

LEADER 00000nam a2200000 a 4500
001 vtls008313545
003 SK-MaSNL
005 20260302041229.0
008 230403s1960 xo slo
015 |a SNBA1961/02-00163 
035 |a SK01SNK19610005762 
035 |a urn:nbn:sk:snk-amlpy6 
035 |a urn:nbn:sk:snk-am00c22y 
035 |a EB37669E-37BA-414A-8914-02DB13F778E4 
035 |a SKM000008225 
040 |a SNK  |b slo  |c SNK  |e AACR2 
041 1 |a slo  |h rus 
044 |a xo  |c SK 
080 |a 14  |2 1981 
100 1 |a Ojzerman, Teodor Iľjič,  |d 1914 -  |4 aut  |9 8839 
245 1 0 |a Neotomizmus  |b filozofia súčasnej reakčnej buržoázie  |c Iľjič Teodor Ojzerman ; z rus. orig. ... prel. Stanislav Dornič 
260 |a Bratislava  |b Osveta  |c 1960  |e Košice  |f Pravda 
300 |a 91, [3] s.  |c 8° 
490 1 |a Malá knižnica filozofie 
500 |a Pozn. Odkazy na lit. 
563 |a 2000 výtl. 
650 0 7 |a novotomizmus  |2 SNK  |9 113946 
655 7 |a príručky  |2 SNKPH  |9 74364 
700 1 |a Dornič, Stanislav,  |d 1929-1989  |4 trl  |9 692531 
830 0 |a Malá knižnica filozofie  |9 349104 
852 |a Slovenská národná knižnica 
954 |a odborná, vedecká literatúra cudzojazyčná (svetová)  |2 lita 
958 |a OND 
958 |a TL 
958 |a RK 
958 |a OP 
958 |a RU 
958 |a EUIPO 
999 |c 1077997  |d 1079927 
952 |a SNK  |b SNK  |y PREZ  |7 0  |p 17A0683817  |o snkSD 19634  |i snkKSP 5067/60  |0 0  |1 0  |4 0  |d 2011-01-22  |f 1  |l 0  |r 2025-12-03 00:00:00  |w 2026-02-24